000 00727nam a22002297a 4500
003 OSt
005 20150810180009.0
008 131031b xxu||||| |||| 00| 0 eng d
020 _a968-26-0176-2
040 _aBMC
_cBMC
082 _a658.04
100 1 0 _98407
_aTerry, George R.
245 1 0 _aPrincipios de administración
_cGeorge R. Terry, Stephen G. Franklin ; [traducción, Alfonso Vasseur Walls]
250 _a[1ª] ed., 4ª reimp
260 _aMéxico, D.F. [etc.]
_bContinental
_c1987
300 _a747 p.
_c23 cm
595 _aTraducción de: Principles of management
650 2 4 _93341
_aGestión de empresas
700 1 _98406
_aFranklin, Stephen G.
700 1 _96168
_aVasseur Walls, Alfonso
942 _2ddc
_cBK
999 _c3668
_d3668